top100 ciudades más grandes de españa - Estadísticas

Estadísticas generales
  • Esta prueba ha sido intentada 65 veces
  • La puntuación promedio es 59 de 100
Estadísticas de respuestas
POBLACIÓN CIUDAD/PUEBLO % Correcto
1 702 547 Barcelona
98%
3 416 771 Madrid
98%
189 083 San Sebastián
96%
687 488 Sevilla
96%
825 948 Valencia
96%
348 089 Bilbao
94%
232 717 Granada
94%
220 543 Oviedo
94%
112 074 Jaén
93%
591 637 Málaga
93%
686 986 Zaragoza
93%
474 617 Murcia
91%
300 618 Valladolid
91%
293 997 Vigo
91%
358 720 Alicante
89%
110 914 Cádiz
89%
322 811 Córdoba
89%
99 482 Lugo
89%
268 561 Gijón
87%
86 526 Toledo
87%
202 675 Almería
85%
175 895 Burgos
85%
144 866 Salamanca
85%
141 151 Tarragona
85%
150 570 Badajoz
83%
96 441 Cáceres
83%
143 290 Huelva
83%
122 243 León
83%
174 101 Santander
83%
431 521 Palma de Mallorca
81%
174 137 Albacete
80%
189 906 Getafe
80%
249 261 La Coruña
80%
207 777 Pamplona
80%
99 536 Santiago de Compostela
80%
257 968 Vitoria
78%
211 359 Santa Cruz de Tenerife
76%
194 084 Leganés
74%
83 077 Pontevedra
74%
243 128 Elche
72%
107 032 Gerona
72%
380 436 Las Palmas de Gran Canaria
70%
151 164 Logroño
69%
219 777 Cartagena
67%
90 909 Guadalajara
65%
222 177 Sabadell
65%
200 702 Alcalá de Henares
63%
173 625 Alcorcón
63%
227 083 Badalona
63%
190 790 Fuenlabrada
63%
279 993 Hospitalet de Llobregat
61%
144 739 Lérida
61%
159 000 Marbella
61%
213 668 Jerez de la Frontera
59%
104 891 Orense
59%
214 006 Móstoles
56%
109 930 Reus
56%
134 833 Parla
54%
124 978 Algeciras
52%
83 052 Ceuta
50%
140 430 Dos Hermanas
50%
85 491 Melilla
50%
84 738 Talavera de la Reina
46%
180 379 Castellón de la Plana
44%
228 708 Tarrasa
43%
121 373 Alcobendas
41%
93 645 San Fernando
41%
140 626 Torrejón de Ardoz
41%
131 798 Mataró
39%
80 095 Gandía
37%
94 803 Torrevieja
37%
85 990 Vélez-Málaga
37%
85 859 Fuengirola
35%
89 960 El Puerto de Santa María
33%
98 334 Lorca
33%
101 984 Baracaldo
31%
93 302 Mijas
31%
83 720 Orihuela
31%
77 654 Benalmádena
30%
101 949 Rivas-Vaciamadrid
30%
94 969 San Sebastián de los Reyes
30%
102 867 Telde
30%
80 760 Coslada
28%
109 204 Roquetas de Mar
28%
160 258 San Cristóbal de La Laguna
28%
90 135 El Ejido
26%
89 378 Pozuelo de Alarcón
26%
98 590 Las Rozas de Madrid
24%
80 201 Manresa
24%
89 401 Torrente
24%
83 507 Valdemoro
24%
89 794 Chiclana de la Frontera
22%
78 413 Estepona
22%
121 203 Santa Coloma de Gramanet
22%
82 982 Arona
20%
81 532 Rubí
19%
91 589 Cornellá de Llobregat
17%
98 621 San Cugat del Vallés
17%
77 493 Molina de Segura
11%
84 831 San Boi de Llobregat
4%
No se encontraron pruebas coincidentes
Distribución de puntuación
Porcentaje de gente con cada puntuación
Porcentaje por número respondido
Historial de tus puntuaciones
No has intentado esta prueba.